000 00433nam a2200181Ia 4500
001 10431
005 20260306161832.0
008 260306t1981||||xx |||||||||||||| ||spa||
041 _aESP
082 _a928.46
_bG43
100 _aGibson, Ian
_eAUT
245 0 _aUn irlandés en España:
_bdiario de un año
260 _c1981
300 _a235 páginas :
_c20 cm.
650 _aGEN
654 _aCHU
942 _cLIB
_dJUS
_fJUS
_2ddc
_n
999 _c10431
_d10431